000 00607nam a2200217 i 4500
001 bg
100 1 _aWOŚ, Alojzy
_d(1939- )
245 1 0 _aKlimat Polski /
_cAlojzy Woś.
260 _aWarszawa :
_bWydaw. Naukowe PWN,
_c1999.
300 _a301, [3] s., [1] k. tabl. luz. :
_bmapy, 1 portr., wykr. ;
_c24 cm.
504 _aBibliogr. s. 294-[302].
650 9 _aKlimat
_zPolska
655 _aPodręczniki akademickie
020 _a8301127805
040 _cBPK
041 0 _apl
080 _a551.58(438)(075.8)
920 _a83-01-12780-5
942 _cKS
008 s pl f |000 0 pol
999 _c36898
_d36898
856 _uhttp://koha.tu.koszalin.pl/cgi-bin/koha/opac-detail.pl?biblionumber=36898
_yKatalog online BPK